000 01058naa a22002777a 4500
001 BR9212404
003 BR-BrBNA
005 20240918181634.0
007 ta
008 230509b bl.||||| |||| 00| 0 por d
040 _aBR-BrBNA
_bpor
_cBiblioteca Nacional de Agricultura
041 _a(Pt)
072 _aT01; P10
090 _aT01 BR9212404
100 1 _aCantergi, A.
111 1 _a1. Encontro Nacional sobre a Protecao e Melhoria do Meio Ambiente
_cBrasilia, DF (Brazil)
_dJun 1975
245 1 _aA poluicao das aguas no estado do Rio Grande do Sul
260 3 _aBrasilia, DF (Brasil):
_c1975.
500 _aAnais do 1. Encontro Nacional sobre a Protecao e Melhoria do Meio Ambiente Brasilia, DF (Brasil): 1975. p. 203-217 (BR9212404-AM)T01
650 _aPoluicao da Agua
650 _aManancial
650 _aRio Grande do Sul
773 0 _tAnais do 1. Encontro Nacional sobre a Protecao e Melhoria do Meio Ambiente
_b
_wT01 BR9212404
_gBrasilia, DF (Brasil), 1975. p. 203-217
909 _a202404
_bLucia
_c55
_dLucia Elande
942 _cAM
_2AGRIS
999 _c326182
_d326182